000 01033nam2a2200277 4500
001 RU\NLR\bibl\2869
005 20250615004414.0
010 _a5-7117-046-0
_915000
021 _aRU
_b98-1064
_955
035 _a(NLR Aleph) 000002758
090 _a5090
_c5090
100 _a19980708d1998 |||y0rusy50 ca
101 1 _arus
_ceng
102 _aRU
105 _a|||||||||||||
200 1 _aПертская красавица, или Валентинов день
_e[Роман
_fПер. с англ. В.Д. Вольпина]
210 _d1998
_aБ. м.
215 _a478 с.
_cпортр.
461 0 _1001RU\NLR\bibl\3111
_12001#$aСобрание сочинений$vТ.20
_95786
_aСкотт, В. (1771-1832)
_cМ.
_d1997
_fВальтер Скотт
_nГолос
_oВ 22 т.
_tСобрание сочинений
_y5-71117-0005-7
_vТ.20
686 _aШ6(4Вл)57я44
801 0 _aRU
_bNLR
_c19980708
_gPSBO
801 1 _aRU
_bNLR
_c19980708
852 _aNLR
_j93-3/8763
942 _cBOOK
980 _aNB